| 000 | 00450nam a2200157Ia 4500 | ||
|---|---|---|---|
| 008 | 260417s2022 xx 000 0 und d | ||
| 041 | _aeng | ||
| 082 |
_a615.19/PAU _bDI-1059 |
||
| 100 | _aMRS. KARTHIKA PAUL | ||
| 245 | _aA PRACTICAL BOOK OF PHARMACEUTICAL CHEMISTRY | ||
| 250 | _a2ND ed | ||
| 260 |
_aPUNE _b2022 _bNIRALI PRAKASHAN |
||
| 300 | _aP.B/77p | ||
| 650 | _aA PRACTICAL BOOK PHARMACEUTICAL CHEMISTRY | ||
| 700 | _aB.H. JASWANTH GOWDA | ||
| 999 |
_c1220370 _d1220370 |
||